चलो किताबें खरीदने / (Record no. 53463)

MARC details
000 -LEADER
fixed length control field 02364nam a22003377a 4500
005 - DATE AND TIME OF LATEST TRANSACTION
control field 2011063009489.0
010 ## - LCCN (DPL NO)
LC control number B-435683-687
020 ## - INTERNATIONAL STANDARD BOOK NUMBER
Terms of availability 15.00
International Standard Book Number 8182630495
035 ## - SYSTEM CONTROL NUMBER
System control number B-435683-687
037 ## - SOURCE OF ACQUISITION
Source of stock number/acquisition ब्ल्यूबेरी बुक्स
082 ## - DEWEY DECIMAL CLASSIFICATION NUMBER
Classification number
100 ## - MAIN ENTRY--PERSONAL NAME
Personal name बैनर्जी, रूक्मिणी
245 ## - TITLE STATEMENT
Title चलो किताबें खरीदने /
Statement of responsibility, etc रूक्मिणी बैनर्जी; संतोष पुजारी द्वारा चित्रांकित
246 ## - VARYING FORM OF TITLE
Title proper/short title Chalo kitaben kharidane
Remainder of title by Rukini Banerjee
250 ## - EDITION STATEMENT
Edition statement 3रा संस्क.
260 ## - PUBLICATION, DISTRIBUTION, ETC. (IMPRINT)
Place of publication, distribution, etc नई दिल्ली
Name of publisher, distributor, etc प्रथम बुक्स
Date of publication, distribution, etc 2009
270 ## - ADDRESS
City नई दिल्ली
Telephone number +91 11 41042483
Fax number
Electronic mail address www.prathambooks.org
300 ## - PHYSICAL DESCRIPTION
Extent 20पृ.;
Dimensions 14x20सेमी (अजिल्द)
Other physical details सचित्र
490 ## - SERIES STATEMENT
Series statement
-- 31113
500 ## - GENERAL NOTE
General note
700 ## - ADDED ENTRY--PERSONAL NAME
9 (RLIN) 29018
Personal name पुजारी, संतोष
700 ## - ADDED ENTRY--PERSONAL NAME
9 (RLIN) 29030
Personal name ग्रेस्टोक
710 ## - ADDED ENTRY--CORPORATE NAME
Corporate name or jurisdiction name as entry element जोशी, मधुबाला
9 (RLIN) 29019
942 ## - ADDED ENTRY ELEMENTS (KOHA)
Source of classification or shelving scheme Dewey Decimal Classification
Item type Children Books
Call number suffix बैनर्जी
Classification part
Holdings
Withdrawn status Lost status Not for loan Collection code Home library Current library Date acquired Source of acquisition Cost, normal purchase price Full call number Barcode Copy number Cost, replacement price Koha item type
      Fiction Central Library Central Library 03/08/2011 ब्लयूबेरी /6364/25.3.2011/83/21.3.11/31.3.11 15.00 क बैनर्जी B-435683 1 15.00 Children Books
  Written-off vide DLB M. No. 383 dt 16.05.19   Fiction Karol Bagh Karol Bagh 03/08/2011 ब्लयूबेरी /6364/25.3.2011/83/21.3.11/31.3.11 15.00 क बैनर्जी B-435686 1 15.00 Children Books
      Fiction Patel Nagar Patel Nagar 03/08/2011 ब्लयूबेरी /6364/25.3.2011/83/21.3.11/31.3.11 15.00 क बैनर्जी B-435684 1 15.00 Children Books
      Fiction Sarojini Nagar Sarojini Nagar 03/08/2011 ब्लयूबेरी /6364/25.3.2011/83/21.3.11/31.3.11 15.00 क बैनर्जी B-435685 1 15.00 Children Books
  Written-off vide DLB M. No. 383 dt 16.05.19   Fiction Shahdara Branch Shahdara Branch 03/08/2011 ब्लयूबेरी /6364/25.3.2011/83/21.3.11/31.3.11 15.00 क बैनर्जी B-435687 1 15.00 Children Books

© Delhi Public Library
Hit Counter
free hit counter